zpět

Detail výsledku týmu

Na Pražci, Blansko

Datum a čas kvízu

31 Celkem bodů Celkový počet nahraných bodů na tomto kvízu bez doplňovacích otázek.
9. Pořadí na kvízu Konečné umístění týmu na tomto kvízu.

Zaznamenané odpovědi

# Otázka Odpověď Body Výsledky
1. Planetka dosud označovaná čísl... Špilas 0
2. Ve středu byly zveřejněny kone... Švédsko 1
3. Letošní ročník ankety Český sl... Tereza Pergnerová 1
4. Jistý americký obchodní řetěze... Walmart 0
5. Jak se jmenuje 41letá sportovn... Roger Federer 1
6. Třetí díl našeho seriálu se vl... 9 (1929) 1
7. Po Leninově smrti v roce 1924... 1A 2C 3D 4B 0
8. V první polovině 30. let došlo... Noc dlouhých nožů 1
9. Ve kterém městě byla roku 1935... v Norimberku 1
10. Jak se jmenoval tento muž, kte... Francisco Franco 1